Normal view
MARC view
Entry Personal Name
001 - CONTROL NUMBER
- control field: 19957
003 - CONTROL NUMBER IDENTIFIER
- control field: OSt
005 - DATE AND TIME OF LATEST TRANSACTION
- control field: 20151211150840.0
008 - FIXED-LENGTH DATA ELEMENTS
- fixed length control field: 151211|| aca||aabn | a|a d
040 ## - CATALOGING SOURCE
- Original cataloging agency: OSt
- Transcribing agency: OSt
100 ## - HEADING--PERSONAL NAME
- Personal name: काझुओ इवामूरा
670 ## - SOURCE DATA FOUND
- Source citation: Work cat.: (OSt)21151: काझुओ इवामूरा, 14 चूहे घर बनाने चले, 1993









